Missing Word: Films About Missing Persons Quiz Stats

 Plays Quiz Updated Jul 31, 2018

Score 0/20 Timer 04:00
0 Plays Today
Title Missing Word % Correct
The ____ with the Dragon TattooGirl
96.9%
____ Encounters of the Third KindClose
91.5%
____ You Were HereWish
89.1%
____ GirlGone
87.1%
Without a ____Trace
84.7%
The ____ BangBig
79.7%
The Girl on the ____Train
77.6%
Gone ____ GoneBaby
73.2%
____ the WildInto
65.9%
____ Good ThingsAll
58.8%
Title Missing Word % Correct
____ Day at Black RockBad
56.2%
Winter's ____Bone
53.8%
The ____ VanishesLady
53.5%
The ____ PersonMissing
49.9%
The Mystery of ____ DroodEdwin
46.4%
____ at Hanging RockPicnic
33.8%
Silent ____: RevelationHill
32.6%
Bunny ____ is MissingLake
17.9%
A Man ____Vanishes
8.7%
____ Killing FieldsTexas
6%

Today's Daily Dose

You're not logged in!

Compare scores with friends on all Sporcle quizzes.
OR
Log In

Sporcle TV

Today on Sporcle TV


Watch our educational content, quiz creation guides, and fun videos on Sporcle TV.

Show Comments

Extras

Top Quizzes Today


Score Distribution

Your Account Isn't Verified!

In order to create a playlist on Sporcle, you need to verify the email address you used during registration. Go to your Sporcle Settings to finish the process.

Report this User

Report this user for behavior that violates our Community Guidelines.

Details: